000 00513nam a2200157 a 4500
001 2615
005 20180713182603.0
008 140415s1973 mx 000 0 spa d
041 _aspa
082 _a972.0612
_bFRA
245 0 0 _aFRANCISCO I. MADERO ANTE LA HISTORIA :
_b(SEMBLANZAS Y OPINIONES)
260 _aMEXICO :
_bTALLERES GRAFICOS DE LA NACION,
_c1973
300 _a260
490 _aINSTITUTO NACIONAL DE ESTUDIOS HISTORICOS DE REV..
650 1 4 _aMEXICO
_xHISTORIA
_xREVOLUCION, 1910
_x1917
999 _c2615
_d2615